000
00233nam a2200097Ia 4500
001
760587
005
20250826165151.0
008
250824s9999 xx 000 0 und d
245
0
_a
ALPARSLAN
_c
MUSTAFA AKGÜN
260
_b
PANAMA YAYINLARI
999
_c
760587
_d
760587